| 000 | 00778nam a22002297a 4500 | ||
|---|---|---|---|
| 005 | 20250805155833.0 | ||
| 010 | _aB-769602-620 BACEN25 ENG-146350 | ||
| 020 |
_a9789361566226 _c250.00 |
||
| 035 | _aB-769602-620 | ||
| 035 | _a EN-129882 | ||
| 037 | _bSunnvik | ||
| 037 | _bDBAD | ||
| 082 |
_21 _aS |
||
| 100 |
_aBond, Ruskin _983806 |
||
| 245 |
_aSecrets of A Joyful Life/ _cby Ruskin Bond |
||
| 250 | _a1 | ||
| 260 |
_aNew Delhi _bRupa Publications _c2024 |
||
| 270 |
_a7/16, Ansari Road, Daryaganj _bNew Delhi _e110002 |
||
| 300 |
_a136p. _c20cm(pb) |
||
| 942 |
_2ddc _cEN _mBON _e1 _hS |
||
| 999 |
_c209286 _d209286 |
||